Library of the University of Algiers 3
Ibrahim Sultan Cheibout
شعار جامعة الجزائر 3
مكتبة جامعة الجزائر 3
إبراهيم سلطان شيبوط

الإصابات الرياضية و التأهيل (رقم التسجيلة. 13780)

تفاصيل مارك
000 -LEADER
fixed length control field 00622nam a2200205Ia 4500
003 - CONTROL NUMBER IDENTIFIER
control field IEPS
005 - DATE AND TIME OF LATEST TRANSACTION
control field 20250703135328.0
008 - FIXED-LENGTH DATA ELEMENTS--GENERAL INFORMATION
fixed length control field 250223s9999||||xx |||||||||||||| ||und||
020 ## - INTERNATIONAL STANDARD BOOK NUMBER
International Standard Book Number 9789774114796
040 ## - CATALOGING SOURCE
-- IEPS
041 ## - LANGUAGE CODE
Language code of text/sound track or separate title ara
082 ## - DEWEY DECIMAL CLASSIFICATION NUMBER
Classification number 617.1
100 ## - MAIN ENTRY--PERSONAL NAME
Personal name بكري محمد قدري
245 #0 - TITLE STATEMENT
Title الإصابات الرياضية و التأهيل
260 ## - PUBLICATION, DISTRIBUTION, ETC.
Place of publication, distribution, etc. الجيزة
Name of publisher, distributor, etc. المكتبة المصرية للنشر و التوزيع
Date of publication, distribution, etc. 2011
300 ## - PHYSICAL DESCRIPTION
Extent 408
Other physical details جداول
Dimensions 24 سم.
653 ## - INDEX TERM--UNCONTROLLED
Uncontrolled term الإصابات الرياضية
700 ## - ADDED ENTRY--PERSONAL NAME
Personal name جلال الدين علي محمد
942 ## - ADDED ENTRY ELEMENTS (KOHA)
Koha item type كتب
المقتنيات
Withdrawn status Lost status Source of classification or shelving scheme Damaged status Not for loan Home library Current library Date acquired Inventory number Total checkouts Full call number Barcode Date last seen Copy number Price effective from Koha item type
    Dewey Decimal Classification   NOT LOAN / إعارة داخلية مكتبة معهد التربية البدنية و الرياضية مكتبة معهد التربية البدنية و الرياضية 23/02/2025 invar6304   617.1 ب م إ / 1 invar6304 23/02/2025 ل ع 2089 / 1 23/02/2025 كتب
    Dewey Decimal Classification   Available مكتبة معهد التربية البدنية و الرياضية مكتبة معهد التربية البدنية و الرياضية 23/02/2025 invar6305   617.1 ب م إ / 2 invar6305 23/02/2025 ل ع 2089 / 2 23/02/2025 كتب
    Dewey Decimal Classification   Available مكتبة معهد التربية البدنية و الرياضية مكتبة معهد التربية البدنية و الرياضية 23/02/2025 invar6306   617.1 ب م إ / 3 invar6306 23/02/2025 ل ع 2089 / 3 23/02/2025 كتب

موارد الويب المفتوحة


© University of Algiers 3 All Rights Reserved
|
Implemented by LECHELAH Riad